| 000 | 00419 a2200145 4500 | ||
|---|---|---|---|
| 999 |
_c6643 _d6643 |
||
| 020 | _aNo ISBN | ||
| 050 | _aPL 8681.4 KAH 2014 | ||
| 100 |
_aKahari George Payne _eauthor |
||
| 245 |
_aStandard Shona-English dictionary of names / _cGeorge Payne Kahari |
||
| 264 |
_aZimbabwe : _bSable Press, _c2014 |
||
| 300 | _a1984p.: | ||
| 500 | _aDictionary index | ||
| 650 |
_aDictionary _xnames |
||
| 942 |
_2lcc _cBK _h8681.4 _iKAH _kPL |
||